| 000 | 00762nam a2200241Ia 4500 | ||
|---|---|---|---|
| 003 | OSt | ||
| 005 | 20220923214542.0 | ||
| 006 | a|||||r|||| 00| 0 | ||
| 007 | ta | ||
| 008 | 220922b |||||||| |||| 00| 0 hin d | ||
| 024 | _a170,717 | ||
| 037 | _cTextual | ||
| 040 |
_aARTS _cARTS _bhin |
||
| 041 |
_2hin _ahin |
||
| 082 | _aO152,3N102,VI, L2;K2 | ||
| 100 |
_aश्रीवास्तव, प्रताप नारायण _9163376 |
||
| 245 | 0 | _aविष मुखी | |
| 246 | _aViṣh mukhī | ||
| 260 | _c1972 | ||
| 650 |
_aहिन्दी साहित्य _9156264 |
||
| 942 |
_hO152,3N102,VI, L2;K2 _cTEXL _2CC |
||
| 999 |
_c325001 _d325001 |
||